[Event "Put that back and play something proper"]
[Site "SchemingMind.com"]
[Date "2013.04.24"]
[Round "-"]
[White "eun77"]
[Black "kubinet"]
[Result "1-0"]
[WhiteCountry "ISR"]
[BlackCountry "GER"]
[WhiteElo "1373"]
[WhiteRD "54"]
[BlackElo "1305"]
[BlackRD "57"]
[GameID "330718"]

1. e4 c6 2. d4 d5 3. e5 Bf5 4. Bd3 Bxd3 5. Qxd3 e6 6. Nf3 Be7 7. O-O Nd7 8. b3 Rc8 9. Ba3 Bxa3 10. Nxa3 Ne7
11. Nb1 O-O 12. Nc3
1-0

[Event "Put that back and play something proper"]
[Site "SchemingMind.com"]
[Date "2013.04.25"]
[Round "-"]
[White "kubinet"]
[Black "eun77"]
[Result "0-1"]
[WhiteCountry "GER"]
[BlackCountry "ISR"]
[WhiteElo "1305"]
[WhiteRD "57"]
[BlackElo "1373"]
[BlackRD "54"]
[GameID "330719"]

1. e4 c6 2. d4 d5 3. Nc3 e6 4. Nf3 h6 5. e5 Ne7 6. Bd3 Ng6 7. Bxg6 fxg6 8. Qd3 Qe7 9. O-O g5 10. h3 Qf7
11. Ne2 Be7
0-1

[Event "Put that back and play something proper"]
[Site "SchemingMind.com"]
[Date "2013.04.30"]
[Round "-"]
[White "Scooter"]
[Black "eun77"]
[Result "1-0"]
[WhiteCountry "USA"]
[BlackCountry "ISR"]
[WhiteElo "1756"]
[WhiteRD "49"]
[BlackElo "1373"]
[BlackRD "54"]
[GameID "331125"]

1. e4 c6 2. d4 d5 3. Nc3 dxe4 4. Nxe4 e6 5. Nf3 Nf6 6. Bd3 Nxe4 7. Bxe4 Be7 8. O-O f5 9. Bd3 O-O 10. Bd2 Nd7
11. Re1 h6 12. Rxe6 Nf6 13. Re2 g6 14. Bxh6 Re8 15. Ne5 Bf8 16. Bxf8 Rxf8 17. Nxg6 Kg7 18. Nxf8 Qxf8 19. Qd2 Ne4 20. Bxe4 fxe4
21. Qg5+ Kf7 22. Rxe4 Qd6 23. Rae1 Be6 24. Rxe6 Qxe6 25. Rxe6 Kxe6 26. Qe5+ Kd7 27. f4 Re8 28. Qxe8+ Kxe8 29. g4
1-0

[Event "Put that back and play something proper"]
[Site "SchemingMind.com"]
[Date "2013.05.04"]
[Round "-"]
[White "Scooter"]
[Black "kubinet"]
[Result "1-0"]
[WhiteCountry "USA"]
[BlackCountry "GER"]
[WhiteElo "1740"]
[WhiteRD "49"]
[BlackElo "1319"]
[BlackRD "55"]
[GameID "331126"]

1. e4 c6 2. d4 d5 3. Nc3 dxe4 4. Nxe4 Bf5 5. Ng3 Bg6 6. Nf3 h6 7. Bd3 e6 8. O-O Bxd3 9. Qxd3 Nf6 10. Bf4 Bd6
11. Bxd6 Qxd6 12. Ne4 Nxe4 13. Qxe4 O-O 14. c3 Nd7 15. Rfe1 Nf6 16. Qc2 Nd7 17. Ne5
1-0

[Event "Put that back and play something proper"]
[Site "SchemingMind.com"]
[Date "2013.04.30"]
[Round "-"]
[White "eun77"]
[Black "Scooter"]
[Result "0-1"]
[WhiteCountry "ISR"]
[BlackCountry "USA"]
[WhiteElo "1373"]
[WhiteRD "54"]
[BlackElo "1756"]
[BlackRD "49"]
[GameID "331127"]

1. e4 c6 2. d4 d5 3. e5 Bf5 4. Bd3 Bxd3 5. Qxd3 e6 6. Nf3 Nd7 7. O-O c5 8. c3 cxd4 9. cxd4 a6 10. b3 Bb4
11. Ba3 Bxa3 12. Nxa3 Ne7 13. Nc2 O-O 14. Ne3 Rc8 15. Rac1 b5 16. Rxc8 Qxc8 17. Ng5 Ng6 18. g3 h6 19. Nf3 Qb7 20. b4 Nb6
21. a3 Nc4 22. Nxc4 bxc4 23. Qc3 Qb5 24. Nd2 Ra8 25. Ra1 Ne7 26. a4 Qb6 27. a5 Qb7 28. Rb1 Nc6 29. Rb2 Rb8 30. Nb1 Nxa5
31. Nd2 Nc6 32. Nf1 Nxb4 33. Ne3 a5 34. Nc2 Qa7 35. Nxb4 axb4 36. Rxb4 Rxb4 37. Qxb4 Qxd4 38. Qb8+ Kh7 39. Qb1+ Qd3 40. Qxd3+ cxd3
41. Kf1 Kg6 42. Ke1 Kf5 43. f4 Ke4 44. Kd2 g5 45. fxg5 hxg5 46. h3 Kf3 47. h4 gxh4 48. gxh4 Kg4
0-1

[Event "Put that back and play something proper"]
[Site "SchemingMind.com"]
[Date "2013.05.04"]
[Round "-"]
[White "kubinet"]
[Black "Scooter"]
[Result "0-1"]
[WhiteCountry "GER"]
[BlackCountry "USA"]
[WhiteElo "1319"]
[WhiteRD "55"]
[BlackElo "1740"]
[BlackRD "49"]
[GameID "331128"]

1. e4 c6 2. d4 d5 3. Nc3 dxe4 4. Nxe4 Bf5 5. Ng3 Bg6 6. h4 h6 7. h5 Bh7 8. Bd3 Bxd3 9. Qxd3 Nd7 10. Nf3 Qc7
11. Bd2 O-O-O 12. O-O-O Ngf6 13. c3 e6 14. Ne4 Be7 15. Kb1 Ng4 16. Qe2 Ngf6
0-1

[Event "Put that back and play something proper"]
[Site "SchemingMind.com"]
[Date "2013.05.02"]
[Round "-"]
[White "abuteague"]
[Black "Scooter"]
[Result "0-1"]
[WhiteCountry "USA"]
[BlackCountry "USA"]
[WhiteElo "1617"]
[WhiteRD "74"]
[BlackElo "1740"]
[BlackRD "49"]
[GameID "331270"]

1. e4 c6 2. d4 d5 3. e5 Bf5 4. Nf3 e6 5. Bd3 Bxd3 6. Qxd3 Nd7 7. c3 g6 8. Be3 Bg7 9. Nbd2 Ne7 10. Ng5 O-O
11. Bf4 c5 12. Qh3 h6 13. Ngf3 cxd4 14. Nxd4 g5 15. Bg3 Rc8 16. O-O a6 17. N2f3 Qc7 18. Rfe1 Rfe8 19. Qg4 Ng6 20. Re3 Ngxe5
21. Bxe5 Nxe5 22. Nxe5 Bxe5 23. Qh3 Bxd4 24. Qxh6 Bxe3 25. fxe3 Qe5
0-1

[Event "Put that back and play something proper"]
[Site "SchemingMind.com"]
[Date "2013.05.04"]
[Round "-"]
[White "abuteague"]
[Black "eun77"]
[Result "1-0"]
[WhiteCountry "USA"]
[BlackCountry "ISR"]
[WhiteElo "1708"]
[WhiteRD "79"]
[BlackElo "1318"]
[BlackRD "58"]
[GameID "331271"]

1. e4 c6 2. d4 d5 3. e5 e6 4. c4 Bb4+ 5. Bd2 Bxd2+ 6. Nxd2 Ne7 7. Ngf3 O-O 8. Bd3 Ng6 9. O-O dxc4 10. Nxc4 Nf4
11. Nd6 Nxd3 12. Qxd3 f5 13. Qb3 Qe7 14. Nd2 b5 15. Nf3 Rd8 16. Rad1 Rxd6 17. exd6 Qd7 18. Ne5 Qxd6 19. a3 Nd7 20. Rfe1 Nxe5
21. dxe5 Qe7 22. Rd6 Kf7 23. Red1 a5 24. Qf3 g6 25. R1d4 Ra7 26. Qh3 h5 27. Qe3 g5 28. Rxc6 Rc7 29. Qc3
1-0

[Event "Put that back and play something proper"]
[Site "SchemingMind.com"]
[Date "2013.05.06"]
[Round "-"]
[White "abuteague"]
[Black "kubinet"]
[Result "1-0"]
[WhiteCountry "USA"]
[BlackCountry "GER"]
[WhiteElo "1617"]
[WhiteRD "74"]
[BlackElo "1319"]
[BlackRD "55"]
[GameID "331272"]

1. e4 c6 2. d4 d5 3. e5 Bf5 4. Bd3 Bxd3 5. Qxd3 e6 6. Nf3 a6 7. Be3 Ne7 8. Nbd2 Nf5 9. c4 dxc4 10. Nxc4 Nd7
11. O-O Nb6 12. Nxb6
1-0

[Event "Put that back and play something proper"]
[Site "SchemingMind.com"]
[Date "2013.05.02"]
[Round "-"]
[White "Scooter"]
[Black "abuteague"]
[Result "1/2-1/2"]
[WhiteCountry "USA"]
[BlackCountry "USA"]
[WhiteElo "1740"]
[WhiteRD "49"]
[BlackElo "1617"]
[BlackRD "74"]
[GameID "331273"]

1. e4 c6 2. d4 d5 3. Nc3 dxe4 4. Nxe4 Nf6 5. Nxf6+ exf6 6. Nf3 Bd6 7. Be2 Bg4 8. h3 Bxf3 9. Bxf3 O-O 10. O-O Nd7
11. Re1 Nb6 12. b3 Qc7 13. c4 Bf4 14. Bxf4 Qxf4 15. Re4 Qc7 16. Qe2 Rad8 17. Re7 Qb8 18. Re1 h6 19. Bg4 g6 20. Qe3 Kg7
21. a4 Na8 22. Qe6 Rxd4 23. Qe3 Rdd8 24. Re2 Rd1+ 25. Re1 Rxe1+ 26. Qxe1 Nc7 27. Qd1 Re8 28. Qd7 Rxe7 29. Qxe7 f5 30. Qe5+ Kg8
31. Bf3 Qd8 32. Qa5 a6 33. Qb6 Ne6 34. Qxb7 Nd4 35. Qxa6 Nxb3 36. Qxc6 Nd2 37. Bd5 Qe7 38. a5 Qe1+ 39. Kh2=
1/2-1/2

[Event "Put that back and play something proper"]
[Site "SchemingMind.com"]
[Date "2013.05.06"]
[Round "-"]
[White "eun77"]
[Black "abuteague"]
[Result "0-1"]
[WhiteCountry "ISR"]
[BlackCountry "USA"]
[WhiteElo "1318"]
[WhiteRD "58"]
[BlackElo "1708"]
[BlackRD "79"]
[GameID "331274"]

1. e4 c6 2. d4 d5 3. e5 Bf5 4. Bd3 Bxd3 5. Qxd3 e6 6. Nf3 c5 7. dxc5 Bxc5 8. Qb5+ Nd7 9. O-O b6 10. Qe2 Ne7
11. Be3 O-O 12. Bxc5 Nxc5 13. Nbd2 Ng6 14. b4 Nb7 15. a3 Qc7 16. h3 Qxc2 17. Rac1 Qa4 18. Ra1 Rac8 19. Qd1 Qxd1 20. Rfxd1 h6
21. Rac1 Ne7 22. Rxc8 Rxc8
0-1

[Event "Put that back and play something proper"]
[Site "SchemingMind.com"]
[Date "2013.05.06"]
[Round "-"]
[White "kubinet"]
[Black "abuteague"]
[Result "0-1"]
[WhiteCountry "GER"]
[BlackCountry "USA"]
[WhiteElo "1354"]
[WhiteRD "63"]
[BlackElo "1708"]
[BlackRD "79"]
[GameID "331275"]

1. e4 c6 2. d4 d5 3. Nc3 dxe4 4. Nxe4 Nf6 5. Nxf6+ exf6 6. Bc4 Bd6 7. Be3 O-O 8. Qd2 Nd7 9. O-O-O b5 10. Bd3 a5
11. Ne2 b4 12. Bf4 Bxf4 13. Qxf4 Nb6 14. c3 bxc3 15. Nxc3 Nd5 16. Nxd5 cxd5 17. Qh4 g6 18. Rhe1 Ba6 19. Re3 Bxd3 20. Rexd3 Rc8+
21. Kb1 h5 22. g4 f5 23. Qxd8 Rfxd8 24. gxf5 g5 25. Rg3 f6 26. f4 g4 27. h3 Kf7 28. hxg4 hxg4 29. Rxg4 Rg8 30. Rxg8 Rxg8
31. Kc2 Rg4 32. Rf1 Ke7 33. Kb3 Rg2 34. a3 Rd2 35. Kc3 Rg2 36. Rf3 Kd7 37. b4 axb4+
0-1

[Event "Put that back and play something proper"]
[Site "SchemingMind.com"]
[Date "2013.05.02"]
[Round "-"]
[White "herguz"]
[Black "Scooter"]
[Result "1-0"]
[WhiteCountry "VEN"]
[BlackCountry "USA"]
[WhiteElo "1690"]
[WhiteRD "167"]
[BlackElo "1748"]
[BlackRD "50"]
[GameID "331349"]

1. e4 c6 2. d4 d5 3. Nc3 dxe4 4. f3 exf3 5. Nxf3 Bg4 6. Bc4 Bxf3 7. Qxf3 Nf6 8. Be3 e6 9. O-O Be7 10. Rad1 O-O
11. Qh3 Nbd7 12. Bd3 Nb6 13. Ne4 Nbd5 14. Nxf6+ Nxf6 15. Rxf6
1-0

[Event "Put that back and play something proper"]
[Site "SchemingMind.com"]
[Date "2013.05.07"]
[Round "-"]
[White "herguz"]
[Black "abuteague"]
[Result "1-0"]
[WhiteCountry "VEN"]
[BlackCountry "USA"]
[WhiteElo "1807"]
[WhiteRD "116"]
[BlackElo "1617"]
[BlackRD "74"]
[GameID "331350"]

1. e4 c6 2. d4 d5 3. Nc3 dxe4 4. Bc4 Nf6 5. f3 exf3 6. Nxf3 Bf5 7. O-O e6 8. Ne5 Bd6 9. Rxf5 exf5 10. Nxf7 Qc7
11. Qe2+ Kf8 12. Nxh8 Bxh2+ 13. Kh1 Ne4 14. Nxe4 f4 15. Ng5
1-0

[Event "Put that back and play something proper"]
[Site "SchemingMind.com"]
[Date "2013.05.04"]
[Round "-"]
[White "herguz"]
[Black "eun77"]
[Result "1-0"]
[WhiteCountry "VEN"]
[BlackCountry "ISR"]
[WhiteElo "1886"]
[WhiteRD "109"]
[BlackElo "1373"]
[BlackRD "54"]
[GameID "331351"]

1. e4 c6 2. d4 d5 3. Nc3 e6 4. Nf3 h6 5. Bd3 dxe4 6. Nxe4 Nf6 7. O-O Nxe4 8. Bxe4 Nd7 9. Qe2 Be7 10. Bd2 O-O
11. Bd3 f5 12. Qxe6+ Kh8 13. Rfe1 Bf6 14. Qxf5 g6 15. Qxg6 Qe7 16. Rxe7 Bxe7 17. Qh7#
1-0

[Event "Put that back and play something proper"]
[Site "SchemingMind.com"]
[Date "2013.05.07"]
[Round "-"]
[White "herguz"]
[Black "kubinet"]
[Result "1-0"]
[WhiteCountry "VEN"]
[BlackCountry "GER"]
[WhiteElo "1886"]
[WhiteRD "109"]
[BlackElo "1305"]
[BlackRD "57"]
[GameID "331352"]

1. e4 c6 2. d4 d5 3. Nc3 dxe4 4. Bc4 Nf6 5. f3 exf3 6. Nxf3 e6 7. O-O Be7 8. Bg5 O-O 9. Qe2 h6 10. Bh4 Nd5
11. Bxe7 Qxe7 12. Bxd5 cxd5 13. Nxd5 Qd6 14. Nc3 b6 15. Rad1 Bb7 16. Ne5 Nc6 17. Ne4 Nxe5 18. Nxd6
1-0

[Event "Put that back and play something proper"]
[Site "SchemingMind.com"]
[Date "2013.05.02"]
[Round "-"]
[White "Scooter"]
[Black "herguz"]
[Result "0-1"]
[WhiteCountry "USA"]
[BlackCountry "VEN"]
[WhiteElo "1740"]
[WhiteRD "49"]
[BlackElo "1807"]
[BlackRD "116"]
[GameID "331353"]

1. e4 c6 2. d4 d5 3. exd5 cxd5 4. Nf3 Nc6 5. c3 Bf5 6. Bd3 Bxd3 7. Qxd3 e6 8. O-O Bd6 9. Be3 Nge7 10. Nbd2 O-O
11. Rfe1 Nf5 12. Qb5 Qc7 13. Nb3 Nxe3 14. Rxe3 Rae8 15. Nc5 Re7 16. Nd3 a6 17. Qb3 f6 18. Nc5 Na5 19. Qc2 Bxc5 20. dxc5 Nc4
21. Re2 Qxc5 22. Nd4 e5 23. Nf5 Rc7 24. Rd1 Rd8 25. Qb1 b5 26. b3 Na5 27. b4 Qc4 28. Red2 Qxc3 29. bxa5 d4 30. Qb3+ Qc4
31. h3 g6 32. Nh6+ Kg7 33. Ng4 Rdc8 34. Qf3 Qe6 35. Kh1 Rc3 36. Qe4 h5 37. Nh2 Ra3 38. Rc2 Rxc2 39. Qxc2 Rxa2 40. Qc7+ Kh6
41. Kg1 Qb3 42. Rf1 Qc4 43. Qd8 Kg7 44. Nf3 Rc2 45. Qe7+ Qf7 46. Qd6 Qb7 47. Qb4 Rc4 48. Qa3 e4 49. Nd2 Rc2 50. Qb4 e3
51. fxe3 dxe3 52. Nf3 Rc4 53. Qb3 e2 54. Re1 Qa7+ 55. Kh1 Qf2 56. Qd3 Ra4 57. Qd2 Re4 58. Qd7+ Kh6 59. Qc6 Re3 60. Qxf6 Rxf3
61. Qxf3 Qxe1+
0-1

[Event "Put that back and play something proper"]
[Site "SchemingMind.com"]
[Date "2013.05.02"]
[Round "-"]
[White "abuteague"]
[Black "herguz"]
[Result "0-1"]
[WhiteCountry "USA"]
[BlackCountry "VEN"]
[WhiteElo "1617"]
[WhiteRD "74"]
[BlackElo "1807"]
[BlackRD "116"]
[GameID "331354"]

1. e4 c6 2. d4 d5 3. e5 Bf5 4. Nf3 e6 5. Bd3 Bxd3 6. Qxd3 Ne7 7. O-O Nd7 8. Bg5 Qb6 9. b3 c5 10. c3 Rc8
11. Nbd2 h6 12. Bxe7 Bxe7 13. Rfc1 O-O 14. dxc5 Bxc5 15. Rf1 Rfd8 16. b4 Be7 17. Rfc1 f6 18. exf6 Bxf6 19. a4 a5 20. Nd4 axb4
21. cxb4 Bxd4 22. Rxc8 Rxc8 23. Rf1 Ne5
0-1

[Event "Put that back and play something proper"]
[Site "SchemingMind.com"]
[Date "2013.05.05"]
[Round "-"]
[White "eun77"]
[Black "herguz"]
[Result "0-1"]
[WhiteCountry "ISR"]
[BlackCountry "VEN"]
[WhiteElo "1298"]
[WhiteRD "64"]
[BlackElo "1889"]
[BlackRD "117"]
[GameID "331355"]

1. e4 c6 2. d4 d5 3. e5 Bf5 4. Bd3 Bxd3 5. Qxd3 e6 6. Nf3 Ne7 7. O-O Nf5 8. Nc3 h5 9. h3 Nd7 10. Ne2 c5
11. c3 h4 12. Bg5 Qb6 13. b3 Be7 14. Bxe7 Kxe7 15. Rfb1 Rac8 16. a4 Qc7 17. dxc5 Nxe5 18. Nxe5 Qxe5 19. b4 Rhd8 20. Qc2 Kf8
21. Re1 Qf6 22. Nd4 Nxd4 23. cxd4 Qxd4 24. Rab1 a5 25. Red1 Qc4 26. Qxc4 dxc4 27. bxa5 Rxd1+ 28. Rxd1 Rxc5 29. Rc1 Ke7 30. Rc3 Kd6
31. Kf1 Kd5 32. Ke2 Rxa5 33. Ra3 b5
0-1

[Event "Put that back and play something proper"]
[Site "SchemingMind.com"]
[Date "2013.05.07"]
[Round "-"]
[White "kubinet"]
[Black "herguz"]
[Result "0-1"]
[WhiteCountry "GER"]
[BlackCountry "VEN"]
[WhiteElo "1305"]
[WhiteRD "57"]
[BlackElo "1886"]
[BlackRD "109"]
[GameID "331356"]

1. e4 c6 2. d4 d5 3. Nc3 dxe4 4. Nxe4 Bf5 5. Ng3 Bg6 6. h4 h6 7. Nf3 Nd7 8. Bd3 Bxd3 9. Qxd3 e6 10. Bd2 Ngf6
11. O-O-O Qc7 12. c3 O-O-O 13. Qe2 Be7 14. Kb1 Rhe8 15. Rhe1 Bd6 16. Ne4 Bf4 17. g3 Bxd2 18. Rxd2 c5 19. dxc5 Nxe4 20. Rd4 Nexc5
21. Red1 Nb6 22. Qb5 Nd5
0-1

[Event "Put that back and play something proper"]
[Site "SchemingMind.com"]
[Date "2013.05.20"]
[Round "-"]
[White "J Mo"]
[Black "Scooter"]
[Result "1-0"]
[WhiteCountry "ENG"]
[BlackCountry "USA"]
[WhiteElo "1838"]
[WhiteRD "181"]
[BlackElo "1748"]
[BlackRD "50"]
[GameID "332019"]

1. e4 c6 2. d4 d5 3. Nc3 dxe4 4. Nxe4 Bf5 5. Ng3 Bg6 6. Bc4 Nd7 7. Nf3 e6 8. O-O Ngf6 9. Qe2 Be7 10. Re1 O-O
11. c3 Nb6 12. Bb3 Qc7 13. Bd2 h6 14. Ne5 Bh7 15. Rac1 Rfd8 16. Nxf7 Kxf7 17. Qxe6+
1-0

[Event "Put that back and play something proper"]
[Site "SchemingMind.com"]
[Date "2013.05.22"]
[Round "-"]
[White "J Mo"]
[Black "herguz"]
[Result "0-1"]
[WhiteCountry "ENG"]
[BlackCountry "VEN"]
[WhiteElo "1627"]
[WhiteRD "133"]
[BlackElo "1886"]
[BlackRD "109"]
[GameID "332023"]

1. e4 c6 2. d4 d5 3. exd5 cxd5 4. c4 Nf6 5. Nc3 e6 6. Nf3 Bb4 7. cxd5 Nxd5 8. Qc2 Nc6 9. Bd3 Bd7 10. O-O Bxc3
0-1

[Event "Put that back and play something proper"]
[Site "SchemingMind.com"]
[Date "2013.05.20"]
[Round "-"]
[White "Scooter"]
[Black "J Mo"]
[Result "0-1"]
[WhiteCountry "USA"]
[BlackCountry "ENG"]
[WhiteElo "1740"]
[WhiteRD "49"]
[BlackElo "1894"]
[BlackRD "165"]
[GameID "332024"]

1. e4 c6 2. d4 d5 3. e5 Bf5 4. Bd3 Bxd3 5. Qxd3 e6 6. Nf3 Qa5+ 7. c3 Qa6 8. Qxa6 Nxa6 9. O-O c5 10. Bf4 c4
11. Nbd2 Ne7 12. b4 cxb3 13. axb3 Nc7 14. c4 b6 15. c5 bxc5 16. dxc5 Nc6 17. Be3 Be7 18. Rfb1 Rb8 19. Ra4 O-O 20. b4 Rb7
21. Bd4 Nb5 22. Nb3 Rfb8 23. Na5 Nxa5 24. Rxa5 Nxd4 25. Nxd4 Rxb4
0-1